[Event "GER-ch U25-C"]
[Site "Willingen"]
[Date "2018.05.26"]
[Round "9"]
[White "Lohrmann, Linus"]
[Black "Zalomska, Nikola"]
[Result "0-1"]
[WhiteElo "1246"]
[BlackElo "1174"]
[PlyCount "132"]
[EventDate "2018.05.19"]
[EventType "swiss"]
[EventRounds "9"]
[EventCountry "GER"]
[SourceTitle "CBM 184 Extra"]
[Source "ChessBase"]
[SourceDate "2018.06.28"]
[SourceVersion "1"]
[SourceVersionDate "2018.06.28"]
[SourceQuality "1"]

1. e4 e5 2. Nf3 Nc6 3. d4 exd4 4. Bc4 Bb4+ 5. c3 dxc3 6. 0-0 d6 7. a3 Bc5 8. b4 Bb6 9. Nxc3 Be6 10. Qb3 Bxc4 11. Qxc4 h6 12. Be3 Nge7 13. Rad1 f6 14. Nd5 Nxd5 15. Qxd5 Bxe3 16. Qh5+ Kd7 17. Qg4+ Ke8 18. Qxg7 Bxf2+ 19. Rxf2 Rf8 20. Qg6+ Ke7 21. Nh4 Ne5 22. Qh7+ Rf7 23. Nf5+ Ke6 24. Ng7+ Ke7 25. Qf5 Qd7 26. Rdf1 Raf8 27. Qh7 Kd8 28. Rxf6 Rxf6 29. Rxf6 Rxf6 30. Qg8+ Ke7 31. Nf5+ Rxf5 32. exf5 Qxf5 33. Qg7+ Nf7 34. Qg3 Qb1+ 35. Kf2 Qb2+ 36. Kf1 Qc1+ 37. Kf2 Qg5 38. Qb3 Qf5+ 39. Kg1 Qe5 40. Kf1 a6 41. h3 b5 42. Qc2 c5 43. a4 Qf4+ 44. Kg1 Qxb4 45. axb5 axb5 46. Qe2+ Ne5 47. Kh1 c4 48. Qh5 Qb1+ 49. Kh2 Qg6 50. Qh4+ Qg5 51. Qd4 Nf3+ 52. gxf3 Qe5+ 53. Qxe5+ dxe5 54. Kg3 c3 55. Kg4 c2 56. Kf5 c1Q 57. Kxe5 Qe3+ 58. Kf5 Qxf3+ 59. Ke5 b4 60. Kd4 b3 61. Kc4 b2 62. Kd4 b1R 63. Kc4 Rd1 64. Kc5 Qc3+ 65. Kb5 Rb1+ 66. Ka4 Qa1# 0-1